Milton's Paradise with reference to the hexameral background /

Bibliographic Details
Main Author: Corcoran, Mary Irma, 1905-
Format: Thesis Book
Language:English
Published: Washington, D.C. : Catholic University of America Press, 1967
Subjects:

MARC

Tag First Indicator Second Indicator Subfields
LEADER 00000cam a2200000 a 4500
001 in00001029921
005 20150928121844.0
008 920402r19671945dcu rb 001 0 eng d
035 |a (OCoLC)25577104 
035 |9 AFG1281AM 
040 |a TXA  |c TXA  |d UtOrBLW 
049 |a TXAM 
090 |a PR3562  |b .C65 1967a 
100 1 |a Corcoran, Mary Irma,  |d 1905- 
245 1 0 |a Milton's Paradise with reference to the hexameral background /  |c by Mary Irma Corcoran. 
264 1 |a Washington, D.C. :  |b Catholic University of America Press,  |c 1967 
264 4 |c ©1945 
300 |a x, 149 pages ;  |c 23 cm. 
336 |a text  |b txt  |2 rdacontent 
337 |a unmediated  |b n  |2 rdamedia 
338 |a volume  |b nc  |2 rdacarrier 
502 |b Ph. D.  |c Catholic University of America  |d 1945. 
533 |a Photocopy.  |b Ann Arbor, Mich. :  |c UMI Out-of-Print Books on Demand,  |d 1991.  |e 23 cm. 
504 |a Includes bibliographical references (pages 137-145) and index. 
600 1 0 |a Milton, John,  |d 1608-1674.  |t Paradise lost. 
600 1 0 |a Milton, John,  |d 1608-1674  |x Ethics. 
600 1 0 |a Milton, John,  |d 1608-1674  |x Religion. 
600 1 0 |a Milton, John,  |d 1608-1674  |x Sources. 
999 |a MARS 
999 f f |s 1cd94d5c-2f1e-3bca-9c2a-9b72bbc855e8  |i b6b8cb5b-7e6d-3109-84d0-60110bb05bf6  |t 0 
952 f f |p normal  |a Texas A&M University  |b College Station  |c Sterling C. Evans Library  |d Evans: Library Stacks  |t 0  |e PR3562 .C65 1967a  |h Library of Congress classification  |i unmediated -- volume  |m A14815561547 
998 f f |a PR3562 .C65 1967a  |t 0  |l Evans: Library Stacks